| 000 | 02104cam a2200277 a 4500 | ||
|---|---|---|---|
| 001 | 934123 | ||
| 003 | OSt | ||
| 005 | 20211112101942.0 | ||
| 008 | 830815s1984 nyua b 001 0 eng | ||
| 010 | _a 8212540 | ||
| 020 | _a0801648858 | ||
| 040 |
_aLC _cLC _dLC |
||
| 050 | 0 | 0 | _aRC440.P69 |
| 060 | _aWY 160 S929p | ||
| 082 | 0 | 0 |
_a610.73/68 _22ed |
| 245 | 0 | 0 |
_aPrinciples and practice of psychiatric nursing. / _cEdited by Gail Wiscarz Stuart, Sandra J. Sundeen |
| 250 | _a2nd ed. | ||
| 260 |
_aSt. Louis, Missouri: _bMosby, _c1983. |
||
| 300 |
_axvi, 1018 p. : _bill. ; _c26 cm. |
||
| 505 | _aContents: Principles of psychiatric nursing: Roles and functions of psychiatric nurses -- Conceptual models of psychiatric care -- The therapeutic nurse-patient relationship -- The nursing therapeutic process -- Preventive mental health nursing -- Rehabilitative psychiatric nursing -- Anxiety -- Alterations in self-concept -- Disturbances of mood -- Self-destructive behavior -- Disruptions in relatedness -- Problems with the expression of anger -- Impaired cognition -- Substance abuse -- Somatic therapies and psychiatric nursing -- Legal aspects of psychiatric care -- 2. Practice of psychiatric nursing: Psychiatric evaluation -- Evolution of inpatient psychiatric nursing -- The psychiatric nurse's role in community mental health -- Crisis therapy -- Behavior modification -- Human sexuality and nursing practice -- Liaison nursing: a model for nursing practice -- Small groups and their therapeutic forces -- Family therapy -- Child psychiatric nursing -- Adolescent psychiatric nursing -- Nursing intervention in family abuse and violence -- Counselling the victim of rape -- Care of the chronically mentally ill patient -- Gerontological psychiatric nursing -- Individuals and families: caring for the dying -- Thee pragmatics of private practice -- Issues and trends in psychiatric-mental health nursing -- | ||
| 650 | 0 | _aPsychiatric nursing. | |
| 700 | _qStuart, Gail Wiscarz | ||
| 700 | _qSundeen, Sandra J. | ||
| 906 |
_a7 _bcbc _corignew _d1 _eocip _f19 _gy-gencatlg |
||
| 942 |
_2lcc _cBK |
||
| 999 |
_c7963 _d15463 |
||